000 00438nam a22001697a 4500
003 MPLRDC
005 20220104172311.0
008 210129b ||||| |||| 00| 0 eng d
082 _a870.57 RD v.2 1979
100 _aJOHN T. BEAUDOUIN
245 _aREADER'S DIGEST CONDENSED BOOKS
_c
250 _a初版
260 _a
_bREADER'S DIGEST ASSOCIATION, INC
_c1979
300 _b
650 _aFICTION
942 _cBK
_o870.57 RD v.2 1979
999 _c58875
_d58865